| 000 | 00588nam a2200193Ia 4500 | ||
|---|---|---|---|
| 003 | GCL | ||
| 008 | 140319s9999 xx 000 0 eng d | ||
| 040 |
_aGCL / _cGCL |
||
| 082 | 0 | 4 |
_a337.4056 _bA |
| 100 | 1 | _aAYUBI, N. NAZIH | |
| 245 | 1 | 0 |
_aDISTANT NEIGHBOURS: THE POLITICAL ECONOMY RELATIONS BETWEEN EUROPE AND THE MIDDLE EAST / _cAYUBI, N. NAZIH |
| 260 |
_a[S.N] : _bGARNET PUBLISHINGG LIMITED ، _c1995 |
||
| 300 | _a413 P | ||
| 650 | 0 | 4 | _aEUROPE |
| 650 | 0 | 4 | _aECONOMIC RELATIONS, FOREIGN |
| 650 | 0 | 4 | _aINTERNATIONAL ECONOMIC RELATIONS |
| 650 | 0 | 4 | _aMIDDLE EAST |
| 942 |
_2ddc _cBK |
||
| 999 |
_c13950 _d13950 |
||